Statistics for Countries that produce the most wind energry

Click here to take the quiz!

General Stats

  • This quiz has been taken 33 times
  • The average score is 14 of 15

Answer Stats

#HintAnswer% Correct
1329 GWChina
100%
627,1 GWUnited Kingdom
100%
2132,7 GWUnited States
100%
914,3 GWCanada
97%
818,7 GWFrance
97%
1111,3 GWItaly
97%
139 GWAustralia
93%
721,2 GWBrazil
93%
364 GWGermany
93%
157,7 GWMexico
90%
527,5 GWSpain
90%
1012 GWSweden
86%
440 GWIndia
83%
147,8 GWNetherlands
79%
1210,6 GWTurkey
76%

Score Distribution

Percentile by Number Answered

Percent of People with Each Score

Your Score History

You have not taken this quiz